|
|
|
|
| LEADER |
01564nam a2200325 a 4500 |
| 001 |
GR-Patra20438 |
| 008 |
020927s2003 gr g 001 b eng d |
| 020 |
|
|
|a 1401818056
|
| 040 |
|
|
|a GrPaTEI
|b gre
|c GR-PaULI
|
| 040 |
|
|
|a GrPaTEI
|b gre
|c GR-PaULI
|
| 040 |
|
|
|a GrPaTEI
|b gre
|c GR-PaULI
|
| 044 |
|
|
|b xx
|
| 082 |
|
0 |
|a 808.06661
|2 21
|
| 100 |
1 |
|
|a Hegde, M. N.
|q (Mahabalagiri N.),
|d 1941-
|
| 245 |
1 |
2 |
|a A coursebook on scientific and professional writing for speech-language pathology /
|c M.N. Hegde.
|
| 246 |
3 |
3 |
|a Scientific and professional writing for speech-language pathology
|
| 250 |
|
|
|a 3rd ed.
|
| 260 |
|
|
|a Australia :
|b Thomson / Delmar Learning,
|c c 2003
|
| 300 |
|
|
|a xvi, 453 σ.
|
| 650 |
|
0 |
|a Medical writing
|
| 650 |
|
0 |
|a Speech therapy
|x Authorship
|
| 650 |
|
0 |
|a Speech-language pathology
|x education
|
| 650 |
1 |
0 |
|a WRITING
|
| 710 |
0 |
|
|a Thomson/Delmar learning
|
| 942 |
|
|
|2 ddc
|
| 952 |
|
|
|0 0
|1 0
|2 ddc
|4 0
|6 808_066610000000000_HEG
|7 0
|9 301014
|a LISK
|b LISK
|c BSC
|d 2021-01-17
|e 24
|f 0
|g 0.00
|l 0
|o 808.06661 HEG
|p 92410030273
|r 2021-01-17 00:00:00
|t 1
|w 2021-01-17
|y BK15
|x 20061123 0 1
|x GrPaTEI
|
| 952 |
|
|
|0 0
|1 0
|2 ddc
|4 0
|6 808_066610000000000_HEG
|7 0
|9 301015
|a LISK
|b LISK
|c BSC
|d 2021-01-17
|e 24
|f 0
|g 0.00
|l 0
|o 808.06661 HEG
|p 92410030274
|r 2021-01-17 00:00:00
|t 1
|w 2021-01-17
|y BK15
|x 20061123 0 1
|x GrPaTEI
|
| 952 |
|
|
|0 0
|1 0
|2 ddc
|4 0
|6 808_066610000000000_HEG
|7 1
|9 301016
|a LISK
|b LISK
|c BSC
|d 2021-01-17
|e 24
|f 0
|g 0.00
|l 0
|o 808.06661 HEG
|p 92410030275
|r 2021-01-17 00:00:00
|t 1
|w 2021-01-17
|y BKN
|x 20061123 0 0
|x GrPaTEI
|
| 971 |
|
|
|a .b26680105
|b 15-04-20
|c 26-09-16
|
| 999 |
|
|
|c 174942
|d 174942
|